[Event "ROM-ch U08"]
[Site "Calimanesti Caciulata"]
[Date "2016.04.22"]
[Round "6"]
[White "Ionescu, Andrei Ioan"]
[Black "Nica, Tudor Stefan"]
[Result "0-1"]
[WhiteElo "1001"]
[BlackElo "1034"]
[PlyCount "58"]
[EventDate "2016.04.18"]
[EventType "swiss"]
[EventRounds "9"]
[EventCountry "ROU"]
[SourceTitle "CBM 172 Extra"]
[Source "ChessBase"]
[SourceDate "2016.06.21"]
[SourceVersion "1"]
[SourceVersionDate "2016.06.21"]
[SourceQuality "1"]

1. e4 e5 2. Nf3 Nf6 3. Nc3 d6 4. Bc4 Be6 5. b3 Nc6 6. 0-0 Qd7 7. d3 Be7 8. Be3 a6 9. Re1 0-0 10. Qd2 b5 11. Bxe6 fxe6 12. Rad1 Rad8 13. a4 bxa4 14. bxa4 Ng4 15. Bg5 Bxg5 16. Qxg5 Nf6 17. h3 h6 18. Qg6 Qf7 19. Qg3 Nh5 20. Qg4 Nf6 21. Qg3 Nh5 22. Qg4 Nf4 23. g3 Ng6 24. Re3 Nd4 25. Rde1 Nxf3+ 26. Rxf3 Qxf3 27. Qxg6 Qxf2+ 28. Kh1 Qxe1+ 29. Kh2 Rf2# 0-1

[Event "ROM-ch U08"]
[Site "Calimanesti Caciulata"]
[Date "2016.04.20"]
[Round "3"]
[White "Mocanu, Mihnea Tudor"]
[Black "Ionescu, Andrei Ioan"]
[Result "1-0"]
[WhiteElo "1002"]
[BlackElo "1001"]
[PlyCount "61"]
[EventDate "2016.04.18"]
[EventType "swiss"]
[EventRounds "9"]
[EventCountry "ROU"]
[SourceTitle "CBM 172 Extra"]
[Source "ChessBase"]
[SourceDate "2016.06.21"]
[SourceVersion "1"]
[SourceVersionDate "2016.06.21"]
[SourceQuality "1"]

1. e4 e6 2. d4 d5 3. exd5 exd5 4. Nc3 Nf6 5. Be3 Bf5 6. Nf3 Nc6 7. Bd3 Bd6 8. Bxf5 0-0 9. Bg5 Re8+ 10. Ne2 h6 11. Bxf6 Qxf6 12. Bd3 Re7 13. 0-0 Rae8 14. Re1 Nxd4 15. Nfxd4 Qh4 16. h3 Re5 17. c3 Rg5 18. Bc2 Rge5 19. Qd3 g6 20. Nb5 Rf5 21. Ng3 Qf4 22. Nxf5 Bc5 23. Rxe8+ Kh7 24. Rf1 Bd6 25. Nfxd6 cxd6 26. b3 Qh4 27. c4 dxc4 28. bxc4 a6 29. Nxd6 h5 30. Nxb7 f5 31. Qd7+ 1-0

[Event "ROM-ch U08"]
[Site "Calimanesti"]
[Date "2015.04.01"]
[Round "3"]
[White "Covrig, Raul Alexandru"]
[Black "Ionescu, Andrei Ioan"]
[Result "1-0"]
[WhiteElo "1072"]
[BlackElo "1001"]
[PlyCount "33"]
[EventDate "2015.03.30"]
[EventType "swiss"]
[EventRounds "9"]
[EventCountry "ROU"]
[SourceTitle "CBM 165 Extra"]
[Source "ChessBase"]
[SourceDate "2015.04.21"]
[SourceVersion "1"]
[SourceVersionDate "2015.04.21"]
[SourceQuality "1"]

1. e4 e5 2. Nf3 Nc6 3. Bc4 Nf6 4. Nc3 Bc5 5. 0-0 0-0 6. d3 Ng4 7. Bg5 Qe8 8. d4 Be7 9. Bxe7 Qxe7 10. Nb5 Qf6 11. Nxc7 Rb8 12. Nd5 Qh6 13. dxe5 f6 14. exf6 Rxf6 15. Ne7+ Kf8 16. Nf5 Qh5 17. Qd6+ 1-0